GIS a analýza geografických údajov
Vzťah medzi GIS a analýzou geografických údajov, metodikou spracovania a problematikou informačných vstupov GIS a niektorými štatistickými metódami, ktoré je možné využiť v spracovaní dát v geomarketingu.
Saved in:
| Main Author: | |
|---|---|
| Format: | Book Chapter |
| Language: | Slovak |
| Subjects: | |
| Tags: |
No Tags, Be the first to tag this record!
|
MARC
| LEADER | 00000naa a2200000 4500 | ||
|---|---|---|---|
| 001 | 0179553 | ||
| 005 | 20240530074826.1 | ||
| 041 | 0 | |a slo | |
| 044 | |a SK | ||
| 245 | 1 | 0 | |a GIS a analýza geografických údajov |c Jaroslav Kita |
| 520 | |a Vzťah medzi GIS a analýzou geografických údajov, metodikou spracovania a problematikou informačných vstupov GIS a niektorými štatistickými metódami, ktoré je možné využiť v spracovaní dát v geomarketingu. | ||
| 610 | 2 | 0 | |a systémy informačné geografické |
| 610 | 2 | 0 | |a metódy štatistické |
| 610 | 2 | 0 | |a marketing územia |
| 100 | 1 | |a Kita, Jaroslav | |